[Event "EICC 2017"]
[Site "Minsk"]
[Date "2017.06.07"]
[Round "8"]
[White "Kantans, Toms"]
[Black "Can, Emre"]
[Result "1/2-1/2"]
[WhiteElo "2473"]
[BlackElo "2589"]
[Annotator "TA"]
[PlyCount "94"]
[EventDate "2017.??.??"]
[EventCountry "BLR"]
[SourceTitle "playchess.com"]
[Source "ChessBase"]
[SourceQuality "1"]

{[%evp 28,94,-35,-71,119,-40,80,75,58,68,58,0,0,0,0,-57,-59,-90,-34,-34,-27,-36,-34,-54,-36,-59,-37,-70,-39,-63,-63,-76,-79,-86,-43,-62,-27,-27,-19,-31,-14,-19,-19,-26,0,0,0,-28,-8,-25,-18,-29,0,0,0,0,0,0,0,0,0,0,0,0,0,0,0,0,0]} 1. e4 c5 2. Nf3 d6 3. d4 cxd4 4. Nxd4 Nf6 5. Nc3 a6 6. Bg5 e6 7. f4 h6 8. Bh4 Qb6 9. Qd2 Qxb2 10. Rb1 Qa3 11. e5 dxe5 {B97: Sicilian Najdorf: Poisoned Pawn} 12. fxe5 g5 13. Bg3 Nh5 14. Ne4 Nd7 15. Rb3 {[#] LiveBook: 3 Games} Qa4 $146 (15... Qxa2 $17 {keeps the pressure on.} 16. Qc3 b5 17. Nd6+ Bxd6 18. exd6 Nhf6) ({Predecessor:} 15... Qxa2 16. Be2 Nc5 17. Nc3 Nxb3 18. Nxb3 Bb4 19. Bxh5 Qb2 20. O-O Qxc3 21. Bxf7+ Ke7 22. Qf2 Kd7 23. Qb6 Rf8 24. Be1 {1-0 (24) Radjabov,T (2731)-Grischuk,A (2810) Tbilisi 2015}) 16. Qc3 $2 (16. Be2 $1 $16 {[%cal Re2h5]} Nxg3 17. hxg3) 16... b6 {[#]} ({Worse is} 16... Qxa2 17. Be2 $16) (16... Nxg3 $15 {stays ahead.} 17. hxg3 b6) 17. Nd6+ $1 $16 Bxd6 18. exd6 Nxg3 19. hxg3 ({White should play} 19. Nxe6 $1 $14 Qe4+ 20. Kd1) 19... Qa5 $1 $11 ({Avoid the trap} 19... Qxa2 $2 {[#]} 20. Nxe6 $1 {[%mdl 512]} Qa5 21. Nc7+ Kd8 22. Rb4 $18) 20. Qxa5 bxa5 21. Ra3 ({Better is} 21. Rc3 $11) 21... Rb8 $36 {[%mdl 2048] Black has some pressure.} 22. Rxa5 Rb6 (22... Rb1+ $17 23. Kd2 Rb6) 23. Rxg5 $1 Rxd6 24. Nf3 Bb7 25. Bd3 Ke7 26. Rgh5 Bd5 27. a3 Rc8 28. O-O Rg8 29. Rxh6 Rxg3 30. Rh4 Rg7 31. Be4 Nf6 32. Bxd5 Nxd5 33. Re1 Rb6 34. Rd4 {And now Rxd5 would win.} Nf6 35. Ne5 Rg5 36. Rf4 Rd6 37. Re2 Rg7 38. Kf2 Nd5 39. Rc4 f5 (39... f6 $5 {[%cal Rf6e5]} 40. Nd3 Rg8 $11) 40. g4 {The position is equal.} Kf6 41. gxf5 exf5 42. Rh4 {Threatens to win with Rh6+.} Ne7 43. c4 {[%cal Bc2c4,Bc4c5][%mdl 32]} Ng6 44. c5 {aiming for Nxg6.} Re6 45. Nxg6 Rxg6 46. Rxe6+ Kxe6 47. c6 Kd6 {Precision: White = 49%, Black = 40%.} 1/2-1/2

[Event "EICC 2017"]
[Site "Minsk"]
[Date "2017.06.07"]
[Round "8"]
[White "Sychev, Klementy"]
[Black "Ragger, Markus"]
[Result "1-0"]
[WhiteElo "2459"]
[BlackElo "2680"]
[Annotator "TA"]
[PlyCount "89"]
[EventDate "2017.??.??"]
[EventCountry "BLR"]
[SourceTitle "playchess.com"]
[Source "ChessBase"]
[SourceQuality "1"]

{[%evp 24,89,0,0,30,16,20,12,14,-30,-20,-32,22,23,19,24,33,23,28,23,33,18,52,0,26,31,42,33,99,93,214,193,241,228,250,238,227,214,204,177,685,698,675,695,687,685,695,652,1671,1512,1273,984,856,495,495,513,830,571,1450,485,1278,1168,12832,12832,12832,12832,11092,11092]} 1. d4 Nf6 2. c4 g6 3. Nc3 d5 4. Bf4 Bg7 5. e3 O-O 6. Rc1 Be6 7. Nf3 dxc4 8. Ng5 Bd5 9. e4 h6 10. exd5 hxg5 11. Bxg5 Nxd5 {D92: Grünfeld: 4 Nf3 Bg7 5 Bf4} 12. Bxc4 Nb6 13. Bb3 {LiveBook: 106 Games} a5 {The position is equal.} (13... Nc6 14. Ne2 a5 15. a4 Rc8 16. O-O Nxd4 17. Nxd4 Qxd4 18. Bxe7 Rfe8 19. Bc5 Qxd1 20. Rfxd1 Bxb2 21. Rc2 Bf6 22. g3 {½-½ (30) Prohaszka,P (2607)-Ragger,M (2688) Austria 2016}) 14. Be3 $146 ({Predecessor:} 14. a3 a4 15. Ba2 Qxd4 16. O-O Qxd1 17. Rfxd1 Nc6 18. Rc2 Rfd8 19. Rb1 {0-1 (59) Wagner,R (1940)-Grebionkin,V (2462) Dos Hermanas 2004}) 14... N8d7 15. O-O Nf6 16. d5 a4 $1 {[%cal Ra4b3]} 17. Nxa4 Nbxd5 ({Better is} 17... Nxa4 $15 18. Bxa4 Nxd5) 18. Bg5 $11 c6 19. Nc5 $36 {[%mdl 2048] White has the initiative.} b6 20. Nd3 Qd6 21. Re1 e6 22. Qf3 Nd7 23. Bh4 (23. h4 $14) 23... Rfc8 24. Bg3 Qf8 $1 25. h4 N7f6 (25... Bd4 $14) 26. Ne5 $16 c5 {[#]} (26... Nh5 $16 {was necessary.}) 27. Nxg6 $1 $18 {[%mdl 512]} fxg6 28. Rxe6 c4 29. Rxc4 Rxc4 30. Bxc4 Rd8 31. Be5 Qf7 $2 (31... Qb4 32. Qe2 (32. Bxf6 Nxf6 33. Rd6+ Qxc4 $16) (32. Rxf6 Qe1+ 33. Bf1 Nxf6 $11) 32... Rc8) 32. Bxf6 {White is clearly winning.} Nxf6 33. Rc6 Nd5 {[#]} 34. Rc8 $1 {[%cal Rc8d8][%mdl 512]} Qxf3 (34... Rxc8 35. Bxd5) 35. Rxd8+ Qf8 36. Bxd5+ Kh7 37. Rxf8 Bxf8 {[%mdl 4096] Endgame KB-KB} 38. Bc4 Kg7 39. g3 {[%cal Bg2g3,Bg3g4,Bg4g5][%mdl 32]} Kf6 (39... Bd6 $142 40. f4 Kf6) 40. Kg2 Bc5 41. Bd3 (41. f4 $142 Bd4 42. b3) 41... Bd6 (41... Bb4 $142 42. f4 Be1) 42. f4 Bb4 43. g4 Be1 44. g5+ Kg7 {[#]} 45. Kh3 $1 {Precision: White = 78%, Black = 31%.} 1-0

[Event "EICC 2017"]
[Site "Minsk"]
[Date "2017.06.07"]
[Round "8"]
[White "Grinberg, Eyal"]
[Black "Volokitin, Andrei"]
[Result "1-0"]
[WhiteElo "2457"]
[BlackElo "2649"]
[Annotator "TA"]
[PlyCount "81"]
[EventDate "2017.??.??"]
[EventCountry "BLR"]
[SourceTitle "playchess.com"]
[Source "ChessBase"]
[SourceQuality "1"]

{[%evp 13,81,63,67,55,60,57,54,45,56,49,47,47,52,45,39,51,45,40,35,19,24,0,64,22,29,31,34,35,51,0,55,53,47,57,72,83,93,47,54,36,47,22,28,24,46,56,158,158,162,180,172,172,158,77,262,274,262,158,911,879,1063,1054,1027,867,990,877,1512,1262,3414,3266]} 1. e4 c5 2. Nf3 e6 3. d4 cxd4 4. Nxd4 a6 5. c4 Bc5 (5... Nf6 6. Nc3 Bb4 7. Qd3 O-O 8. Be2 Qc7 9. O-O Nc6 10. Nxc6 dxc6 11. Bg5 Be7 12. Be3 b5 13. Rac1 b4 14. Nb1 c5 {0-1 (61) Anand,V (2779)-Ivanchuk,V (2747) Doha 2016}) 6. Nb3 {B41: Sicilian: Kan Variation: 5 c4} Be7 7. Nc3 d6 {LiveBook: 7 Games} 8. Be2 {White is slightly better.} Nf6 9. O-O b6 10. Be3 Bb7 11. Qd4 $146 ({Predecessor:} 11. f3 O-O 12. Qd2 Nbd7 13. Nd4 {0-1 (44) Vokhidov,S (2292)-Laurusas,T (2429) Khanty-Mansiysk 2015}) 11... Nbd7 12. f3 O-O 13. Rfd1 Qc7 14. Rac1 Rac8 15. Qd2 Qb8 16. Qe1 Rfe8 17. Qf2 Bd8 (17... d5 $11) 18. Nd2 Bc7 19. Nf1 Bc6 20. b4 b5 21. Rb1 (21. cxb5 $14 axb5 22. Ba7) 21... d5 (21... Ne5 $11) 22. exd5 $14 exd5 23. c5 Ne5 24. Bd4 Re6 25. Bd3 Nxd3 26. Rxd3 Nh5 27. Re3 Nf4 28. Ne2 Rh6 29. Nfg3 Ne6 (29... Bd7 $14) 30. Nf5 $16 Bxh2+ 31. Kf1 Bf4 {[#] Hoping for ...Rh1+.} 32. Nxh6+ Bxh6 33. f4 (33. Ra3 $142) 33... a5 $2 (33... Bxf4 $16 34. Nxf4 (34. Rxe6 fxe6 35. Nxf4 Rf8 $15) 34... Nxd4) 34. Be5 $18 ({Don't play} 34. bxa5 $6 Bxf4 35. Nxf4 (35. Rxe6 fxe6 36. Nxf4 Rf8 $14) 35... Nxd4 $16) 34... Qa8 35. Nd4 {[%cal Be2d4,Bd4f5,Bf5h6][%mdl 32] [#] And now Nf5 would win.} axb4 $2 (35... Bxf4 $16 36. Bxf4 Nxd4) 36. Nf5 {White is clearly winning.} d4 37. Nxh6+ Kf8 38. Bd6+ Ke8 39. Re5 Qa3 40. Rbe1 {White wants to mate with Rxe6+.} Ra8 41. Qh4 {Precision: White = 55%, Black = 37%.} 1-0

[Event "EICC 2017"]
[Site "Minsk"]
[Date "2017.06.07"]
[Round "8"]
[White "Repka, Christopher"]
[Black "Antipov, Mikhail Al"]
[Result "1/2-1/2"]
[WhiteElo "2452"]
[BlackElo "2576"]
[Annotator "TA"]
[PlyCount "100"]
[EventDate "2017.??.??"]
[EventCountry "BLR"]
[SourceTitle "playchess.com"]
[Source "ChessBase"]
[SourceQuality "1"]

{[%evp 16,100,23,21,45,30,32,17,36,31,45,22,38,0,0,7,13,0,0,0,0,0,15,13,38,0,0,0,0,-20,-6,-16,-19,-18,92,104,86,86,149,18,13,16,8,2,5,0,0,0,0,0,0,-57,-16,-11,-8,-237,-223,-241,-242,-239,-224,-241,-248,-238,-241,-234,-236,-225,-210,-226,-229,-424,-259,-235,-66,-73,-62,-60,0,-83,-22,-14,-14,-10,0,0,0]} 1. d4 e6 2. c4 Nf6 3. Nf3 d5 4. Nc3 c6 5. Bg5 {[%cal Bc1g5,Bg5h4,Bh4g3][%mdl 32]} h6 6. Bh4 Be7 7. e3 O-O 8. Bd3 {D53: Queen's Gambit Declined: 4 Bg5 Be7: Early deviations} dxc4 9. Bxc4 {LiveBook: 19 Games} Nd5 (9... b5 10. Bd3 Nbd7 11. O-O Bb7 12. Rc1 Rc8 13. a3 a5 14. Ne5 Re8 15. Bxf6 Nxf6 16. Ne4 Rc7 17. f4 Nd7 18. Qh5 Rf8 19. Ng4 Nf6 20. Nexf6+ Bxf6 {1-0 (39) Grischuk,A (2736)-Tkachiev,V (2642) Khanty-Mansiysk 2009}) 10. Bg3 {White is slightly better.} b6 11. Qe2 $146 ({Predecessor:} 11. e4 Nxc3 12. bxc3 b5 13. Bb3 a5 14. a3 Ba6 15. O-O b4 {0-1 (31) Gottwald,B (1856)-Schmitt,H (2029) Remote email 2012}) 11... Bb7 12. O-O Nd7 13. Rfd1 N7f6 14. e4 Nxc3 15. bxc3 c5 16. Bd3 (16. d5 $5 exd5 17. exd5 $11) 16... cxd4 17. cxd4 Rc8 18. Be5 Bb4 19. Rab1 {[%cal Ba1b1,Bb1b5,Bb5e5][%mdl 32]} Bc3 20. Bg3 Nh5 21. Bh4 $36 {[%mdl 2048] White has the initiative.} Qd6 22. Qe3 {White wants to play Rb5.} (22. e5 $5 {[%cal Re5d6]} Qd5 23. Rb5 $15) 22... Qf4 23. Qe2 $1 Rc7 24. Rb5 f5 (24... g5 $11 {remains equal.}) 25. Re5 $16 fxe4 26. Bxe4 Qg4 {[#]} ({Black should try} 26... Bxe4 27. Rxe4 Qf5) 27. h3 (27. Bg3 $1 $16) 27... Nf4 $11 {[%csl Gf4][%cal Rg4g2,Bh5f4,Bf4e2,Be2c3][%mdl 32]} 28. hxg4 Nxe2+ 29. Kh2 {aiming for Bxb7.} Bc8 30. g5 Bb4 {Threatens to win with ...Bd6.} 31. gxh6 (31. Bh7+ $5 Kxh7 32. Rxe2 $11) 31... Bd6 32. h7+ Kh8 {...Nc3 is the strong threat.} 33. Kh1 (33. Bg3 $11) 33... Nc3 34. Re1 Rf4 35. g3 $2 (35. Bg6 $11 {and White is okay.} Bxe5 36. Rxe5) 35... Rxe4 $19 36. R5xe4 Nxe4 37. Rxe4 Bb7 ({Don't take} 37... Kxh7 38. Kg2 $17) 38. Re3 {[#]} Rf7 $1 ({Don't play} 38... Kxh7 39. Kh2 $17) 39. Kg2 Bd5 ({But not} 39... Kxh7 40. g4 $17) 40. g4 Kxh7 41. Bg3 Be7 42. a4 Rf8 43. Rc3 $2 (43. Be5) 43... Kg6 44. Be5 Bh4 $2 (44... Bb4 $19 45. Re3 a5) 45. Bd6 $15 Rd8 (45... Rxf3 $5 46. Rxf3 Bf6 $17) 46. Be5 Rf8 47. Bd6 Bxf3+ (47... Rf6 $17) 48. Rxf3 $11 {The position is equal.} Rd8 49. Be5 Rd5 50. Rc3 Bf6 {Precision: White = 47%, Black = 61%.} 1/2-1/2

[Event "EICC 2017"]
[Site "Minsk"]
[Date "2017.06.07"]
[Round "8"]
[White "Baghdasaryan, Vahe"]
[Black "Yilmaz, Mustafa"]
[Result "1/2-1/2"]
[WhiteElo "2449"]
[BlackElo "2630"]
[Annotator "TA"]
[PlyCount "114"]
[EventDate "2017.??.??"]
[EventCountry "BLR"]
[SourceTitle "playchess.com"]
[Source "ChessBase"]
[SourceQuality "1"]

{[%evp 25,114,0,0,-11,-8,-8,-13,-6,-6,-15,0,-47,-18,-8,-10,-118,-100,-329,-333,-322,-333,-285,-43,-56,-36,-130,-95,-144,-151,-245,0,0,0,0,0,0,0,0,0,0,0,0,0,0,0,0,0,0,0,0,0,0,0,0,0,0,0,0,0,-134,-129,-134,0,0,0,0,0,0,0,0,0,0,0,0,0,0,0,0,0,0,0,0,0,0,0,0,0,0,0,0,0]} 1. e4 c5 2. Nf3 e6 3. d4 cxd4 4. Nxd4 Nc6 5. Nc3 Qc7 6. Be2 a6 7. O-O Nf6 8. Kh1 Be7 9. f4 d6 10. Be3 O-O 11. Qe1 Nxd4 12. Bxd4 b5 13. a3 Nd7 {LiveBook: 38 Games. B85: Sicilian Scheveningen: 6 Be2 a6, lines with early Be3} (13... Bb7 14. Qg3 g6 15. Bf3 Rad8 16. f5 e5 17. Be3 Kh8 18. Bg5 gxf5 19. exf5 Rg8 20. Bxb7 Qxb7 21. Qh4 Ne8 22. f6 Bf8 {½-½ (43) Smirin,I (2667)-Grandelius,N (2642) Wijk aan Zee 2017}) 14. f5 Bf6 15. Bxf6 $146 ({Predecessor:} 15. Rd1 Bxd4 16. Rxd4 Nf6 17. Qd2 Bb7 18. Bf3 Rad8 19. Rd1 exf5 20. e5 Ne4 21. Bxe4 Bxe4 22. exd6 {0-1 (49) Syed,N (2083)-Tilak,S (2310) Mumbai 2004}) 15... Nxf6 16. fxe6 fxe6 17. Qh4 Qc5 18. Rf3 (18. e5 $5 dxe5 19. Ne4 $11) 18... Ra7 19. Rd1 $1 Raf7 20. Rfd3 (20. Qf2 $11 {remains equal.}) 20... a5 $17 {[%cal Ba6a5,Ba5b4][%mdl 32]} 21. Bf3 $2 (21. Rf3 $17) 21... b4 $19 22. axb4 axb4 23. Ne2 Qxc2 $2 (23... g5 $19 24. Qe1 g4) 24. Rxd6 Qxb2 25. Nd4 (25. Qe1 $1 $15) 25... e5 $17 26. Nf5 b3 27. Rd8 (27. Qe1 $17 {was worth a try.}) 27... Rxd8 $2 (27... Qc2 $19 28. R8d2 Qc3) 28. Rxd8+ $11 Rf8 {[#]} 29. Nh6+ $1 {[%mdl 512]} gxh6 30. Rxf8+ Kxf8 31. Qxf6+ Ke8 32. Bh5+ Kd7 33. Bg4+ Kc7 34. Qe7+ Kb8 35. Qd6+ Ka8 36. Qd5+ Bb7 37. Qa5+ Kb8 38. Qd8+ Ka7 39. Qa5+ Ba6 40. Qc7+ Ka8 {[#] ( -> ...Qb1+)} 41. Qd8+ Kb7 {Strongly threatening ...Qc1+.} 42. Qd5+ (42. Bc8+ $11 {was the only way to keep the balance.} Ka7 43. Qc7+ Ka8 44. Qc6+ Kb8 45. Qd6+ Kxc8 46. Qxa6+ Kd8 47. Qb6+ Ke8 48. Qb8+ Kf7 49. Qb7+ Kf6 50. Qa6+ Ke7 51. Qb7+ Kf8 52. Qb8+ Kg7 53. Qb7+ Kg6 54. Qa6+ Kg5 55. Qf1) 42... Kb6 $17 {Hoping for ...Qc1+.} 43. Bd1 Qf2 (43... Qc3 $17 {[%cal Rc3e1]} 44. Qxb3+ Qxb3 45. Bxb3 Bd3) 44. Qxb3+ $11 {The position is equal.} Bb5 {[%cal Rf2f1]} 45. h3 {Black must now prevent Bf3.} Qe1+ 46. Kh2 Qxe4 47. Bc2 Qd4 48. Qe6+ Bc6 49. Qb3+ Kc5 (49... Kc7 $5 {[%cal Rd4f2]} 50. Qf7+ Qd7 $11) 50. Qa3+ Kb5 51. Qb3+ Qb4 {...Qxb3 is the strong threat.} 52. Bd3+ Kc5 53. Qc2+ Kd6 54. Qc1 h5 55. Qh6+ Kd5 56. Bxh7 Qf4+ 57. Qxf4 exf4 {Precision: White = 60%, Black = 57%.} 1/2-1/2

[Event "EICC 2017"]
[Site "Minsk"]
[Date "2017.06.07"]
[Round "8"]
[White "Hakobyan, Aram"]
[Black "Kulaots, Kaido"]
[Result "1-0"]
[WhiteElo "2449"]
[BlackElo "2597"]
[Annotator "TA"]
[PlyCount "81"]
[EventDate "2017.??.??"]
[EventCountry "BLR"]
[SourceTitle "playchess.com"]
[Source "ChessBase"]
[SourceQuality "1"]

{[%evp 19,81,0,6,0,4,0,1,4,12,1,0,0,10,18,20,6,70,25,88,60,68,32,78,73,87,43,33,0,0,0,0,0,0,0,8,0,7,0,0,0,0,12,175,155,304,123,199,179,175,110,124,118,853,761,635,553,1261,925,790,608,2317,1939,12841,12841]} 1. Nf3 g6 2. c4 Bg7 3. d4 Nf6 4. Nc3 d5 5. h4 dxc4 (5... c6 6. Bg5 h6 7. Bxf6 Bxf6 8. e3 e6 9. Qc2 Nd7 10. O-O-O O-O 11. Kb1 Bg7 12. g4 Qe7 13. cxd5 exd5 14. Bd3 Nb6 15. Rhg1 Bd7 16. Ne5 Bxe5 17. dxe5 Qxe5 18. f4 Qxe3 19. Bxg6 Qxf4 20. g5 fxg6 21. Qxg6+ Kh8 22. Qxh6+ Kg8 23. Qg6+ Kh8 24. Qh6+ Kg8 25. Qg6+ {½-½ (25) Tomashevsky,E (2696)-Svidler,P (2755) Moscow 2017}) 6. e4 {D90: Grünfeld: 4 Nf3 Bg7 sidelines} c5 7. d5 b5 8. h5 Nxh5 9. Nxb5 O-O 10. Bxc4 Bg4 {LiveBook: 3 Games} 11. Qc2 a6 $146 ({Predecessor:} 11... Bxf3 12. gxf3 a6 {1-0 (44) Santos Latasa,J (2495)-Kobo,O (2380) Batumi 2014}) 12. Nc3 Bxf3 13. gxf3 Qd6 $1 14. Ne2 Nd7 15. f4 Nb6 16. e5 $36 {[%mdl 2048] White is pushing.} Qd7 17. Be3 Rfb8 (17... Rab8 $11) 18. b3 (18. Bd3 {is more complex.} Nxd5 19. O-O-O e6 20. Be4 Rb4 21. Nc3) 18... Rb7 (18... Nxc4 $11 19. Qxc4 Rb4 20. Qxc5 Rb5) 19. Qe4 Nxc4 20. bxc4 Rab8 21. Rc1 Qc7 22. Rxh5 gxh5 23. Ng3 Qb6 $1 {Hoping for ...h4.} 24. Nxh5 {Threatens to win with f5.} Qg6 $1 {[%cal Rg6e4]} 25. Qxg6 hxg6 26. Nxg7 Rc8 27. Nh5 (27. Ne8 $5) 27... gxh5 $11 {[%mdl 4096] Endgame KRR-KRB} 28. Ke2 Rb2+ 29. Kf3 Rxa2 30. f5 f6 $2 (30... Rb2 $11 {and Black stays safe.}) 31. e6 $18 {[%mdl 1024] White has strong compensation.} Ra3 {[#]} (31... Ra4 $16) 32. Ke4 (32. d6 $1 $18 {[%mdl 512] has better winning chances.}) 32... a5 (32... Kh8 $16 {is a better defense.}) 33. Rg1+ Kh7 {[#]} 34. d6 $1 {[%mdl 512]} exd6 $16 {[#]} 35. Rg6 $1 Rxe3+ $2 {[%mdl 8192]} (35... h4 $16) 36. fxe3 {KR-KR. White is clearly winning.} ({Less strong is} 36. Kxe3 h4 $16) 36... a4 37. Rxf6 Rc7 {intending ...a3.} 38. Rf8 {White wants to mate with f6.} Kg7 39. Ra8 Kf6 40. Kd5 h4 41. Kxd6 {Precision: White = 63%, Black = 32%.} 1-0

[Event "EICC 2017"]
[Site "Minsk"]
[Date "2017.06.07"]
[Round "8"]
[White "Erdogdu, Mert"]
[Black "Vocaturo, Daniele"]
[Result "0-1"]
[WhiteElo "2448"]
[BlackElo "2604"]
[Annotator "TA"]
[PlyCount "134"]
[EventDate "2017.??.??"]
[EventCountry "BLR"]
[SourceTitle "playchess.com"]
[Source "ChessBase"]
[SourceQuality "1"]

{[%evp 15,134,-2,35,-6,10,-40,-11,-119,-113,-191,-169,-163,-154,-347,-339,-344,-335,-340,-319,-427,-427,-425,-416,-395,-354,-339,-266,-512,-189,-184,-189,-181,-154,-174,-145,-161,-133,-133,-131,-133,-102,-122,-116,-127,-117,-141,-97,-100,-109,-109,-102,-115,-111,-100,-100,-98,-78,-75,-75,-75,-75,-75,-75,-79,-67,-89,-87,-87,-84,-109,-101,-108,-101,-108,-100,-107,-93,-97,-97,-152,-148,-145,-143,-156,-154,-197,-179,-147,-127,-177,-169,-225,-172,-228,-187,-179,-187,-381,-374,-373,-375,-364,-369,-352,-367,-366,-363,-367,-343,-410,-394,-464,-426,-455,-455,-468,-448,-6221,-6412,-29970,-29968]} 1. c4 e5 2. Nc3 Nc6 3. g3 f5 4. Bg2 Nf6 5. d3 Bb4 6. Bd2 O-O 7. a3 Bxc3 8. Bxc3 d6 {LiveBook: 56 Games. A25: English Opening vs King's Indian with ...Nc6 but without early d3} (8... d5 9. cxd5 Nxd5 10. Qc2 Be6 11. Nf3 Qf6 12. O-O Rad8 13. b4 Nxc3 14. Qxc3 e4 15. Qxf6 gxf6 16. Nh4 exd3 17. exd3 Rxd3 {1-0 (41) Glud,J (2506)-Semcesen,D (2469) Runavik 2016}) 9. f4 Qe8 10. Nh3 Ng4 {Black is slightly better.} 11. Bxc6 $146 (11. Nf2 $11) ({Predecessor:} 11. Bd5+ Kh8 12. Qd2 Nd4 13. Bxd4 exd4 14. Nf2 Ne3 {0-1 (33) Chernikov,O-Khenkin,A Leningrad 1962}) 11... Qxc6 $17 12. Kd2 (12. Rg1 $17) 12... Bd7 13. Qg1 b5 14. Ng5 $2 (14. b3 $17) 14... bxc4 $19 15. h3 Nf6 16. fxe5 dxe5 17. Nf3 cxd3 {[#] White must now prevent ...Ne4+.} 18. Nxe5 Ne4+ 19. Ke1 Qd6 20. Nxd3 Rfe8 21. Bb4 $2 (21. Qd4 Qxg3+ 22. Kf1 Nxc3 23. bxc3) 21... Qxg3+ $2 (21... Qd5 22. Rh2 Rad8) 22. Qxg3 Nxg3 23. Rh2 Bb5 24. Rd1 Rad8 25. Nc1 Ne4 26. Rxd8 Rxd8 27. Nb3 Rd5 28. Nd2 Ng3 29. Bc3 f4 30. Rf2 Rh5 31. a4 Ba6 32. Rxf4 Nxe2 33. Rf3 Nxc3 34. Rxc3 $17 {[%mdl 4096] Endgame KRB-KRN} c5 35. Kf2 Re5 {And now ...Re2+ would win.} 36. Nb3 c4 37. Nd2 Ra5 38. Nxc4 Rxa4 39. b3 Ra1 40. Ne5 h6 41. h4 Bb5 42. Kg2 Kh7 43. Kg3 a6 44. Re3 Rd1 45. Re4 Rd2 46. Kf3 Bf1 {Threatens to win with ...Bg2+.} 47. Re1 (47. Kg3 $142) 47... Bg2+ 48. Kg3 Bd5 49. Re3 Rd4 50. Rc3 Rb4 51. Nc4 Kg6 52. Nd2 Kf6 53. Re3 (53. Rc2 $142) 53... Kf5 54. Rc3 (54. Nc4 $142 Bxc4 55. bxc4) 54... h5 55. Rc5 Rg4+ 56. Kh3 $2 {[#]} (56. Kf2 Ke6 57. Rc7) 56... Rd4 $1 $19 {[%cal Rd4d2]} 57. Nf1 Kf4 {...Rd1 is the strong threat.} 58. Rc3 Rd1 59. Ng3 Be6+ 60. Kg2 Kg4 61. Kf2 Rb1 62. Re3 Rb2+ 63. Ne2 Bf5 64. Kg1 Kxh4 65. Nd4 Bg4 66. Re7 (66. Rc3 $142) 66... Rd2 67. Nc6 Kg3 {Precision: White = 39%, Black = 56%.} 0-1

[Event "EICC 2017"]
[Site "Minsk"]
[Date "2017.06.07"]
[Round "8"]
[White "Kanmazalp, Ogulcan"]
[Black "Potkin, Vladimir"]
[Result "1/2-1/2"]
[WhiteElo "2447"]
[BlackElo "2588"]
[Annotator "TA"]
[PlyCount "53"]
[EventDate "2017.??.??"]
[EventCountry "BLR"]
[SourceTitle "playchess.com"]
[Source "ChessBase"]
[SourceQuality "1"]

{[%evp 22,53,10,14,31,11,24,26,39,25,12,0,0,0,0,11,20,11,12,4,10,32,56,60,253,272,476,366,419,424,414,425,374,250]} 1. Nf3 Nf6 2. c4 e6 3. Nc3 d5 4. d4 c6 5. e3 Nbd7 6. Qc2 Bd6 7. Bd3 O-O 8. O-O dxc4 9. Bxc4 b5 10. Be2 a6 {D46: Semi-Slav: 5 e3 Nbd7 6 Bd3, Black avoids the Meran} 11. Ng5 Qc7 12. e4 {[#] LiveBook: 7 Games. Threatens to win with e5.} h6 {The position is equal.} 13. e5 hxg5 14. exd6 Qxd6 15. Bxg5 Qxd4 16. Rad1 {[#]} Qe5 $146 ({Predecessor:} 16... Qc5 17. Be3 Qf5 18. Bd3 {1-0 (40) Gordievsky,D (2506)-Inarkiev,E (2676) Moscow 2016}) 17. h4 {[%cal Bh2h4,Bh4h5,Bh5h6,Bh6g7][%mdl 32]} Bb7 18. Rfe1 Qc7 19. Bf3 c5 20. Bxb7 Qxb7 21. h5 Rac8 22. h6 c4 $2 {[#]} ({Better is} 22... Qc6 $1 $14) 23. hxg7 $1 $18 Rfe8 $2 (23... Kxg7 24. Qd2 Rg8) 24. Qd2 e5 25. Bxf6 Nxf6 26. Qh6 {[%csl Gg7][%cal Rh6h8]} Nh7 27. Ne4 {Precision: White = 90%, Black = 38%.} 1/2-1/2

[Event "EICC 2017"]
[Site "Minsk"]
[Date "2017.06.07"]
[Round "8"]
[White "Usmanov, Vasily"]
[Black "Ponkratov, Pavel"]
[Result "1-0"]
[WhiteElo "2443"]
[BlackElo "2590"]
[Annotator "TA"]
[PlyCount "59"]
[EventDate "2017.??.??"]
[EventCountry "BLR"]
[SourceTitle "playchess.com"]
[Source "ChessBase"]
[SourceQuality "1"]

{[%evp 14,59,43,43,45,45,52,8,9,1,20,25,80,84,85,66,61,61,76,76,148,73,65,79,83,80,80,87,87,84,129,133,156,162,219,207,250,262,692,662,29992,29993,29996,29995,29995,29995,29996,29997]} 1. Nf3 c5 2. c4 Nc6 3. Nc3 e6 4. g3 b6 5. Bg2 Bb7 6. O-O Nf6 7. d4 cxd4 8. Nxd4 Bc5 {A30: Symmetrical English: Double Fianchetto and Hedgehog} (8... a6 9. Nxc6 Bxc6 10. e4 d6 11. Re1 Rc8 12. Nd5 Be7 13. Nxe7 Qxe7 14. Qd4 b5 15. cxb5 axb5 16. Bd2 {1-0 (33) Urkedal,F (2420)-Gabrielsen,T (2264) Oslo 2010}) 9. Nxc6 Bxc6 10. Bxc6 dxc6 {The position is equal.} 11. Qa4 $146 ({Predecessor:} 11. Qxd8+ Rxd8 12. Bg5 h6 13. Bxf6 gxf6 14. Rad1 Ke7 15. Kg2 f5 16. a3 {½-½ (37) Davis,L (1973)-Rudd,J (2278) Cardiff 2014}) 11... Qc8 12. Bg5 Ng4 (12... O-O $11 {remains equal.}) 13. Ne4 $16 h6 14. Bd2 Be7 15. Bb4 Qc7 16. Rad1 f5 (16... Nf6 $142 17. Nd6+ Kf8) 17. Rd6 (17. Nd6+ $142 Bxd6 18. Rxd6 (18. Bxd6 Qb7 $16)) 17... O-O 18. Rxc6 Qd7 19. Rd1 $1 {[%cal Rd1d7]} Qe8 20. Bxe7 Qxe7 21. Nc3 $1 f4 22. c5 $1 Qg5 {...fxg3 is the strong threat.} 23. h4 ({Wrong is} 23. cxb6 $2 fxg3 24. fxg3 Qf5 $19) 23... Qh5 {[#]} (23... Qe5 {might work better.}) 24. f3 $1 $18 ({Not} 24. cxb6 fxg3 25. fxg3 Ne3 $11) 24... Ne3 25. Rd7 {Black must now prevent Rcc7.} fxg3 $2 {[#]} (25... Qg6 26. g4 Nxg4 27. fxg4 Qxg4+ 28. Kf1 Rad8) 26. Rcc7 $1 Kh8 27. Rxg7 {White mates.} Rf6 28. Rh7+ Kg8 29. Rcg7+ Kf8 30. Qd7 {Precision: White = 78%, Black = 31%.} 1-0